| 000 | 01347nam a22002897a 4500 | ||
|---|---|---|---|
| 999 |
_c120123 _d120123 |
||
| 003 | dpl | ||
| 005 | 20190618173611.0 | ||
| 008 | 190226b ||||| |||| 00| 0 eng d | ||
| 010 | _aB-195449 | ||
| 020 |
_c400.00 _a8174532145 |
||
| 035 | _aB-195449, B-195456, B-195458 | ||
| 037 | _bCen Lib/Ret | ||
| 040 |
_aDPL _bHN _c0 |
||
| 082 |
_a781.264 _bमाथुर |
||
| 100 |
_aमाथुर, सुधा _988648 |
||
| 245 |
_aहिन्दुस्तानी संगीत की राग-सम्पदा / _cसुधा माथुर |
||
| 246 |
_ahindustani sangeet ki ra-sampada / _bby Sudha Mathur |
||
| 260 |
_bसंजय प्रकाशन _aनयी दिल्ली _c2006 |
||
| 270 |
_a4378/4बी, 209,जे.एम.डी. हाउस, गली मुरारी लाल, अंसारी रोड, दरियागंज _bनयी दिल्ली _e110002 |
||
| 300 |
_a106पृ. _c23सेमी (सजिल्द) |
||
| 500 | _aसन्दर्भ सूची शामिल | ||
| 650 |
_aसंगीत--भारत _988649 |
||
| 650 |
_aसंगीत (राग-सम्पदा)--भारत _988650 |
||
| 650 |
_aMusic - India _983833 |
||
| 650 |
_aMusic (melody-estates) - India _988651 |
||
| 942 |
_2ddc _cHN _h781.264 _mमाथुर |
||